000 00703nam a2200193Ia 4500
005 20251020182535.0
008 200515s9999 xx 000 0 und d
082 _a72.018/N28
100 _aNAVALE, M.
245 0 _aCurso de diseño arquitectónico
260 _aMéxico, D.F.
260 _c1994
500 _a1 ejemplar
520 _aExpone temas centrales en el debate y la práctica profesional del diseño en nuestros días: la función y el uso del color en la arquitectura y en el urbanismo, el diseño industrial y la producción en serie, la unificación de las normas en el arte industria
650 _aARQUITECTURA
650 _aDISEÑO ARQUITECTONICO
650 _aLIB
942 _cLIB
999 _c2203
_d2203